Krainy historyczne Polski - Statystyki

Ogólne statystyki
  • Ten quiz został rozwiązany 222 razy
    186 od ostatniego zresetowania
  • Średni wynik to 12 z 19
Odpowiedzi na mapie
Odpowiedzi zakodowano w zielono-czerwonej skali na mapie do tego quizu, zgodnie z poniższymi procentami.
 
Statystyki odpowiedzi
Kraina % Poprawnych
Mazowsze
92%
Śląsk
92%
Wielkopolska
91%
Małopolska
88%
Pomorze Zachodnie
83%
Podlasie
81%
Kujawy
79%
Polesie
68%
Ziemia Kłodzka
68%
Prusy
66%
Ruś Czerwona (Grody Czerwieńskie)
66%
Łużyce
60%
Spisz
54%
Sudowia (Suwalszczyzna)
54%
Pomorze Wschodnie (Pomorze Gdańskie)
51%
Orawa
48%
Ziemia Lubuska
45%
Ziemia Sieradzko-Łęczycka
29%
Ruś Czarna
22%
Nie znaleziono quizów pasujących do podanych kryteriów
Rozkład punktacji
Procent ludzi z każdym wynikiem
Percentyl według liczby udzielonych odpowiedzi
Twoja historia wyników
Nie rozwiązałeś tego quizu od ostatniego zresetowania